Estatísticas para As 10 maiores empresas da Bolsa brasileira

Clique aqui para jogar o quiz

Estatísticas Gerais

  • Esse quiz foi jogado 45 vezes
  • A pontuação média é 6 de 10

Estatísticas das Respostas

EmpresaValor de mercado R$Setor% Correto
Petrobras436 biPetróleo, Gás e Biocombustíveis
100%
Bradesco150 biFinanceiro
86%
Itaú Unibanco248 biFinanceiro
86%
Vale295 biMineração e Siderurgia
86%
Santander102 biFinanceiro
83%
Banco do Brasil135 biFinanceiro
81%
Weg 150 biBens Industriais
19%
Ambev218 biConsumo não Cíclico
17%
BTG125 biFinanceiro
17%
Itaúsa90 biFinanceiro
3%

Distribuição das Pontuações

Percentil de Números Respondidos

Porcentagem de Pessoas com Cada Pontuação

Sua Pontuação Histórica

Você não jogou esse quiz